Governadores eleitos nas eleições de 2018 no Brasil - Statistics

Estatísticas Gerais
  • Esse quiz foi jogado 186 vezes
  • A pontuação média é 17 de 27
Estatísticas das Respostas
Estado Partido Governador % Correto
São Paulo PSDB João Dória
93%
Minas Gerais NOVO Romeu Zema
90%
Rio Grande do Sul PSDB Eduardo Leite
88%
Paraná PSD Ratinho Junior
88%
Rio de Janeiro PSC Wilson Witzel
82%
Goiás DEM Ronaldo Caiado
79%
Maranhão PCdoB Flávio Dino
77%
Pará MDB Hélder Barbalho
74%
Bahia PT Rui Costa
74%
Ceará PT Camilo Santana
72%
Rio Grande do Norte PT Fátima Bezerra
71%
Espírito Santo PSB Renato Casagrande
69%
Distrito Federal MDB Ibaneis Rocha
67%
Rondônia PSL Marcos Rocha
67%
Alagoas MDB Renan Filho
65%
Santa Catarina PSL Carlos Moisés
61%
Amazonas PSC Wilson Lima
57%
Piauí PT Wellington Dias
55%
Pernambucp PSB Paulo Câmara
53%
Paraíba PSB João Azevedo
49%
Acre PP Gladson Cameli
48%
Mato Grosso do Sul PSDB Reinaldo Azambuja
48%
Mato Grosso DEM Mauro Mendes
47%
Roraima PSL Antonio Denarium
44%
Amapá PDT Waldez Góes
44%
Sergipe PSD Belivaldo Chagas
36%
Tocantins PHS Mauro Carlesse
34%
Nenhum quiz correspondente encontrado
Distribuição das Pontuações
Porcentagem de Pessoas com Cada Pontuação
Percentil de Números Respondidos
Sua Pontuação Histórica
Você não jogou esse quiz